| 000 | 00348cam a2200145ua 4500 | ||
|---|---|---|---|
| 041 |
_aeng _h |
||
| 082 |
_a973 _bDAV/PR |
||
| 100 | _aDavie, Emily . | ||
| 245 |
_aProfile of America / _cDavie. _hTextual Documents |
||
| 260 |
_aNew york : _bGrosset &dunlap Pub , _c1960. |
||
| 300 | _a415 ; . | ||
| 504 | _a | ||
| 942 | _cBK | ||
| 999 |
_c11563 _d11563 |
||